Impacto en la aplicación de las tecnologías de la información y las comunicaciones (TICs) en la docencia de la Universidad Adventista Dominicana (UNAD) extensión Santo Domingo, durante El Período 2008-2011 (Record no. 712)
[ view plain ]
| 000 -LEADER | |
|---|---|
| campo de control de longitud fija | 02446nam a2200553Ia 4500 |
| 001 - NÚMERO DE CONTROL | |
| campo de control | 789 |
| 008 - DATOS DE LONGITUD FIJA--INFORMACIÓN GENERAL | |
| campo de control de longitud fija | 241029s9999 xx 000 0 und d |
| 010 ## - NÚMERO DE CONTROL DE LA BIBLIOTECA DEL CONGRESO | |
| Número de control de LC | 712 |
| 041 ## - CÓDIGO DE IDIOMA | |
| Código de lengua del texto/banda sonora o título independiente | Español |
| 082 ## - NÚMERO DE LA CLASIFICACIÓN DECIMAL DEWEY | |
| Número de clasificación | NO APLICA |
| 245 #0 - MENCIÓN DEL TÍTULO | |
| Título | Impacto en la aplicación de las tecnologías de la información y las comunicaciones (TICs) en la docencia de la Universidad Adventista Dominicana (UNAD) extensión Santo Domingo, durante El Período 2008-2011 |
| 260 ## - PUBLICACIÓN, DISTRIBUCIÓN, ETC. | |
| Lugar de publicación, distribución, etc. | Santo Domingo |
| 300 ## - DESCRIPCIÓN FÍSICA | |
| Extensión | 127 |
| 520 ## - RESUMEN, ETC. | |
| Sumario, etc. | 6 |
| 520 ## - RESUMEN, ETC. | |
| Sumario, etc. | El propósito de este estudio es determinar el impacto en la aplicación de las Tecnología de la Información y la Comunicaciónen en la docencia de la Universidad Nacional Adventista (UNAD), extensión Santo Domingo durante en período 2008-2011.La población en estudio está constituida por 76 profesores y 935 estudiantes.Entre los hallazgos más importantes se destaca que las incorporaciones tecnológicas que ha aplicado la UNAD en Santo Domingo durante el periodo 2008-2011, ha tenido un impacto positivo tanto entre los maestros como entre los estudiantes. El nivel de satisfacción ha ido disminuyendo debido a la insuficiencia de equipos y servicios tecnológicos. La gran mayoría de los docentes tienen básico conocimiento de las TICs. El servicio más valorado fue la plataforma AKADEMIA. |
| 630 ## - PUNTO DE ACCESO ADICIONAL DE MATERIA--TÍTULO UNIFORME | |
| Título uniforme | Nuevas tecnologías |
| 630 ## - PUNTO DE ACCESO ADICIONAL DE MATERIA--TÍTULO UNIFORME | |
| Título uniforme | Personal Docente |
| 630 ## - PUNTO DE ACCESO ADICIONAL DE MATERIA--TÍTULO UNIFORME | |
| Título uniforme | Tecnología Educativa |
| 650 ## - PUNTO DE ACCESO ADICIONAL DE MATERIA--TÉRMINO DE MATERIA | |
| Término de materia o nombre geográfico como elemento de entrada | Tecnología de la Información y de la Comunicación (TICs) |
| 690 ## - PUNTO DE ACCESO ADICIONAL DE MATERIA LOCAL--TÉRMINO DE MATERIA (OCLC, RLIN) | |
| Término de materia o nombre geográfico como elemento inicial | Sintetizado |
| 700 ## - ENTRADA AGREGADA--NOMBRE PERSONAL | |
| Término indicativo de función/relación | asesor |
| Nombre de persona | Guzmán Flores, Flor Daliza |
| 700 ## - ENTRADA AGREGADA--NOMBRE PERSONAL | |
| Término indicativo de función/relación | autor |
| Nombre de persona | Suero Herrera , Miguel Ãngel |
| 700 ## - ENTRADA AGREGADA--NOMBRE PERSONAL | |
| Término indicativo de función/relación | autor |
| Nombre de persona | Nota González, Eddy M. |
| 901 ## - ELEMENTOS DE DATOS A LOCAL LDA (RLIN) | |
| a | {"1":" Suero Herrera ","2":"Nota González"} |
| b | {"1":"Miguel Ãngel","2":"Eddy M."} |
| 902 ## - ELEMENTOS DE DATOS B LOCAL, LDB (RLIN) | |
| a | 1 |
| 903 ## - ELEMENTOS DE DATOS C LOCAL, LDC (RLIN) | |
| a | {"1":" Guzmán Flores"} |
| b | {"1":"Flor Daliza"} |
| 904 ## - ELEMENTOS DE DATOS D LOCAL, LDD (RLIN) | |
| a | Magíster en |
| 905 ## - ELEMENTOS DE DATOS E LOCAL, LDE (RLIN) | |
| a | Docencia Universitaria |
| 906 ## - ELEMENTOS DE DATOS F LOCAL, LDF (RLIN) | |
| a | 2 |
| 907 ## - ELEMENTOS DE DATOS G LOCAL, LDG (RLIN) | |
| a | NO APLICA |
| 908 ## - COLOCAR PARÁMETRO DE COMANDO (RLIN) | |
| Colocar parámetro de comando | NO APLICA |
| 909 ## - | |
| -- | Universidad Adventista Dominicana (UNAD) |
| 910 ## - DATOS DE OPCIÓN DEL USUARIO (OCLC) | |
| Datos de opción del usuario | NULL |
| -- | NULL |
| 911 ## - EQUIVALENCIA O REFERENCIA-CRUZADA-NOMBRE DE CONFERENCIA O REUNIÓN/CONGRESO [LOCAL, CANADÁ] | |
| Nombre de congreso/reunión o jurisdicción como elemento de entrada | ["1"] |
| 912 ## - | |
| -- | NO APLICA |
| 913 ## - | |
| -- | NULL |
| 914 ## - | |
| -- | 01 de Septiembre de 2012 |
| 915 ## - | |
| -- | 20/07/15 08:07 |
| 916 ## - | |
| -- | NULL |
| 917 ## - | |
| -- | NULL |
| 918 ## - | |
| -- | NO APLICA |
| 919 ## - | |
| -- | ["228","158","191"] |
| 921 ## - | |
| -- | 28 |
| 922 ## - | |
| -- | 28 |
| 923 ## - | |
| -- | 0 |
| 924 ## - | |
| -- | NO APLICA |
| 942 ## - ELEMENTOS DE ENTRADA SECUNDARIOS (KOHA) | |
| Tipo de ítem Koha | |
No items available.